Statistics for Category Elimination - DC Characters

Click here to take the quiz!

General Stats

  • This quiz has been taken 200 times
  • The average score is 4 of 7

Answer Stats

HintAnswer% Correct
In the Batfamily✔️
100%
Doesn't have "Bat" in his/her name✔️
91%
Has only had one MAIN codename✔️
57%
Is male✔️
54%
Is human✔️
54%
Is African-American✔️
22%
Has powersSignal
11%

Score Distribution

Percentile by Number Answered

Percent of People with Each Score

Your Score History

You have not taken this quiz